<The> Collected writings
Saved in:
| Main Author: | |
|---|---|
| Format: | Book |
| Language: | English |
| Published: |
London
Macmillan
1979
|
| Tags: |
No Tags, Be the first to tag this record!
|
MARC
| LEADER | 00000nam a2200000 4500 | ||
|---|---|---|---|
| 001 | c140367 | ||
| 005 | 20251104114658.5 | ||
| 041 | 0 | |a eng | |
| 044 | |a GB | ||
| 245 | 1 | 0 | |a <The> Collected writings |c John Maynard Keynes |
| 264 | 1 | |a London |b Macmillan |c 1979 | |
| 300 | |a 340 s. | ||
| 100 | 1 | |a Keynes, John Maynard | |